Normal view
MARC view
- Pritchett, Willie L
Entry Personal Name
001 - CONTROL NUMBER
- control field: 95139
003 - CONTROL NUMBER IDENTIFIER
- control field: NUST
005 - DATE AND TIME OF LATEST TRANSACTION
- control field: 20220726104345.0
008 - FIXED-LENGTH DATA ELEMENTS
- fixed length control field: 220726|| aca||aabn | a|a d
040 ## - CATALOGING SOURCE
- Original cataloging agency: NUST
- Transcribing agency: NUST
100 ## - HEADING--PERSONAL NAME
- Personal name: Pritchett, Willie L
670 ## - SOURCE DATA FOUND
- Source citation: Work cat.: (NUST)211190: Pritchett, Willie L. , Kali Linux Cookbook /, 2013
